| 000 | 01193cam a2200277 4500 | ||
|---|---|---|---|
| 001 | ##L131184 | ||
| 002 | ##9065 | ||
| 008 | 050720n2005 000 0 eng u | ||
| 020 | _a0727733672 | ||
| 035 | _a(Sirsi) u131184 | ||
| 041 | 0 | _aeng | |
| 050 | 0 | 4 | _a624.04 $2 18 |
| 110 | 2 |
_aInstitution of Civil Engineers _91402 |
|
| 245 | _aFlow charts for the engineering and construction contract | ||
| 250 | _a3rd ed. | ||
| 260 |
_aLondon _bThomas Telford _c2005 |
||
| 300 |
_avii, 154p. _c30cm. |
||
| 350 | _a15 | ||
| 490 |
_aNew Engineering Contract (Third Edition) _vEngineering and Construction Contract (Third Edition): Flow Charts (Third Edition) |
||
| 520 | _aPresents a series of flow charts aiming to help users of the third edition of the ECC see how the various clauses and options can be used to produce clear and precise sequences of actions. | ||
| 520 | _aSupersedes second edition (ISBN 0727720805). | ||
| 650 | 2 | 4 | _aNEW ENGINEERING CONTRACT (THIRD EDITION) |
| 650 | 2 | 4 | _aNEC ENGINEERING AND CONSTRUCTION CONTRACT (THIRD EDITION) |
| 690 | _aBUILT ENVIRONMENT-BUILDING CONTRACT FORMS-STANDARD FORMS OF BUILDING CONTRACT-NEW ENGINEERING CONTRACT CONTRACTS | ||
| 942 | _n0 | ||
| 999 |
_c104668 _d104668 |
||